EQUIPOS CON MAS TITULOS DE LIGA MX - Estadísticas

Estadísticas generales
  • Esta prueba ha sido intentada 113 veces
  • La puntuación promedio es 12 de 24
Estadísticas de respuestas
Equipos Campeonatos % Correcto
America 16
98%
Chivas 12
95%
Toluca 11
87%
Cruz azul 9
83%
Leon 8
80%
Tigres 8
78%
Pumas 7
77%
Monterrey 5
70%
Santos 6
70%
Pachuca 7
68%
Atlante 3
52%
Necaxa 3
49%
Atlas 3
48%
Puebla 2
44%
Tijuana 1
39%
Veracruz 2
33%
Morelia 1
29%
Oro 1
23%
Tecos 1
22%
Zacatepec 2
18%
Marte 1
17%
España 1
16%
Asturia 1
15%
Tampico 1
11%
No se encontraron pruebas coincidentes
Distribución de puntuación
Porcentaje de gente con cada puntuación
Porcentaje por número respondido
Historial de tus puntuaciones
No has intentado esta prueba.